书目信息 |
| 题名: |
无机非金属材料工学
|
|
| 作者: | 林宗寿 主编 | |
| 分册: | ||
| 出版信息: | 武汉 武汉理工大学出版社 2013.12 |
|
| 页数: | 11, 468页 | |
| 开本: | 29cm | |
| 丛书名: | 普通高等学校材料科学与工程类专业新编系列教材 | |
| 单 册: | ||
| 中图分类: | TB321 | |
| 科图分类: | ||
| 主题词: | 无机材料--wu ji cai liao--非金属材料--材料科学--高等学校--教材 | |
| 电子资源: | ||
| ISBN: | 978-7-5629-4222-1 | |
| 000 | 01177nam 2200289 450 | |
| 001 | CAL 0120141444274 | |
| 005 | 20150819161854.03 | |
| 010 | @a978-7-5629-4222-1@dCNY58.00 | |
| 100 | @a20141201d2013 em y0chiy50 ea | |
| 101 | 0 | @achi |
| 102 | @aCN@b420000 | |
| 105 | @aak z 000yy | |
| 106 | @ar | |
| 200 | 1 | @a无机非金属材料工学@Awu ji fei jin shu cai liao gong xue@d= Inorganic nonmetallic materials technology@f主编林宗寿@zeng |
| 205 | @a第4版 | |
| 210 | @a武汉@c武汉理工大学出版社@d2013.12 | |
| 215 | @a11, 468页@c图@d29cm | |
| 225 | 2 | @a普通高等学校材料科学与工程类专业新编系列教材@Apu tong gao deng xue xiao cai liao ke xue yu gong cheng lei zhuan ye xin bian xi lie jiao cai |
| 330 | @a本教材介绍生产和制造过程中的共性规律, 以单元操作为重点, 系统介绍了无机非金属材料的生产过程、性能及其应用。 | |
| 410 | 0 | @12001 @a普通高等学校材料科学与工程类专业新编系列教材 |
| 510 | 1 | @aInorganic nonmetallic materials technology@zeng |
| 586 | @a | |
| 606 | 0 | @a无机材料@Awu ji cai liao@x非金属材料@x材料科学@x高等学校@j教材 |
| 690 | @aTB321@v5 | |
| 701 | 0 | @a林宗寿@Alin zong shou@4主编 |
| 801 | 0 | @aCN@c20150820 |
| 905 | @a河南城建学院图书馆@dTB321@eL540@f3 | |
| 无机非金属材料工学= Inorganic nonmetallic materials technology/主编林宗寿.-第4版.-武汉:武汉理工大学出版社,2013.12 |
| 11, 468页:图;29cm.-(普通高等学校材料科学与工程类专业新编系列教材) |
| ISBN 978-7-5629-4222-1:CNY58.00 |
| 本教材介绍生产和制造过程中的共性规律, 以单元操作为重点, 系统介绍了无机非金属材料的生产过程、性能及其应用。 |
| ● |
| 相关链接 |
|
|
|
正题名:无机非金属材料工学
索取号:TB321/L540
 
预约/预借
| 序号 | 登录号 | 条形码 | 馆藏地/架位号 | 状态 | 备注 |
| 1 | 1166392 | 211663920 | 期刊室512/501自科库 12排4列2层/ [索取号:TB321/L540] | 在馆 | |
| 2 | 1166393 | 211663939 | 自科库501/400A自科库 29排3列4层/ [索取号:TB321/L540] | 在馆 | |
| 3 | 1166394 | 211663948 | 自科库501/501自科库 12排4列2层/ [索取号:TB321/L540] | 在馆 |